=LDR 00000nam 2200000 4500 =001 INLIS000000000029980 =005 20130612132151 =008 ***********************************Ind** =035 ##$$0010-061300000029980 =041 ##$$a Ind =082 ##$$a 2X9.8 =090 ##$$a 2X9.8, Cra b =100 ##$$a Craig, HAL =245 ##$$a Bilal berkisah di Hari Tuanya, HAL Craig =260 ##$$a 1986 $b Bangung =300 ##$$a 166 hlm, ilus, 22 cm =650 ##$$a Bilal =850 ##$$a NBPNMAT